Los Who

Gardado en:
Detalles Bibliográficos
Autor Principal: Arnaiz, Jorge (Author)
Formato: Libro
Idioma:Lingua castelá
Publicado: Madrid Jucar 1980
Series:Colección Los Juglares
Subjects:
Tags: Engadir etiqueta
Sen Etiquetas, Sexa o primeiro en etiquetar este rexistro!

MARC

LEADER 00000nam a2200000 a 4500
001 UCO4624
003 CL-VaPUC
008 000804e19800000SP |||||||||||||||||spa|d
082 0 4 |a 781.66  |b ARN  |2 21 
100 0 |a Arnaiz, Jorge  |e author  |9 449240 
245 1 4 |a Los Who 
300 |a 196 p 
942 |c BK 
945 |d 20000804 00:00:00  |a crobeson 
260 |a Madrid  |b Jucar  |c 1980 
600 0 7 |a THE WHO  |2 CL-VaPUC  |9 449241 
650 7 |a ROCK BRITANICO  |2 CL-VaPUC  |9 449242 
650 7 |a ROCK  |2 CL-VaPUC  |9 409985 
650 0 |a Música popular  |9 356085 
583 |a last modification  |c 20000804 00:00:00  |k Rodrigo Vera 
490 0 |a Colección Los Juglares 
999 |c 290650  |d 290648 
952 |0 0  |1 0  |4 0  |6 781_660000000000000_ARN_1980  |7 0  |8 A  |9 340177  |a BIBART  |b BIBART  |d 2019-11-20  |i 1214918  |o 781.66 ARN 1980  |p 1214918  |r 2025-03-13  |w 2019-11-20  |y BK  |k ART